[Event "Djakovacki vezovi Open A"]
[Site "Djakovo CRO"]
[Date "2011.06.09"]
[Round "1.7"]
[White "Sulc,Da"]
[Black "Sertic,Ru"]
[Result "0-1"]
[WhiteElo "2261"]
[BlackElo "2401"]

1.e4 c5 2.Nf3 e6 3.d4 cxd4 4.Nxd4 a6 5.Bd3 Qc7 6.Qe2 d6 7.O-O Nf6 8.c4 g6
9.Nc3 Bg7 10.Be3 O-O 11.Rad1 Nfd7 12.f4 Nc6 13.Bc2 Na5 14.f5 Re8 15.fxe6 fxe6
16.b3 b5 17.Ncxb5 axb5 18.Nxb5 Qd8 19.Nxd6 Rf8 20.e5 Nxe5 21.Nf5 exf5 22.Rxd8 Rxd8
23.Bb6 Re8 24.Qd2 Nac6 25.a4 Be6 26.h3 Nd7 27.Bf2 Rad8 28.Rd1 Nde5 29.Qe3 Rxd1+
30.Bxd1 Rd8 31.Be2 Nd4 32.Bg3 Nec6 33.Bf3 Nb4 34.Bc7 Rd7 35.Ba5 Nbc2 36.Qf4 Kf7
37.Kh1 Nxb3 38.Bb6 Nb4 39.a5 Nd3 40.Qb8 Be5 41.Qa8 Bd4 42.Bxd4 Nxd4 43.a6 Nxf3
44.Qxf3 Ne5 45.Qf2 Nc6 46.Qb6 Na7 47.c5 Bd5 48.h4 Nc6 49.Kh2 Ke7 50.Qb2 Ra7
51.Qg7+ Bf7 52.Qxh7 Rxa6 53.h5 Ne5 54.hxg6 Rxg6 55.Kg1 Ng4  0-1

[Event "20th ICSC TCh-EUR Club"]
[Site "Liverpool ENG"]
[Date "2011.06.10"]
[Round "4"]
[White "Salov,S"]
[Black "Gruenfeld,Y"]
[Result "1/2-1/2"]
[WhiteElo "2258"]
[BlackElo "2484"]

1.e4 c5 2.Nf3 e6 3.d4 cxd4 4.Nxd4 a6 5.Bd3 Nf6 6.O-O d6 7.c4 Be7 8.Nc3 O-O
9.Be3 b6 10.f3 Bb7 11.Qd2 Nbd7 12.Rfc1 Rc8 13.Bf1 Re8 14.a3 Bf8 15.b4 g6
16.Nb3  1/2-1/2

[Event "28th BSG Pinkstertoernooi"]
[Site "Bussum NED"]
[Date "2011.06.11"]
[Round "3.3"]
[White "Ootes,La"]
[Black "Tjiam,D"]
[Result "1-0"]
[WhiteElo "2358"]
[BlackElo "2392"]

1.e4 c5 2.Nf3 e6 3.d4 cxd4 4.Nxd4 a6 5.Bd3 Nf6 6.O-O Qb6 7.Nf3 d6 8.c4 Nbd7
9.Qe2 Be7 10.h3 O-O 11.Nc3 Qc7 12.Bf4 Ne5 13.Nxe5 dxe5 14.Bh2 Bd7 15.Kh1 Bd6
16.Rae1 Bc6 17.f4 Rae8 18.f5 exf5 19.Rxf5 Nd7 20.Bc2 Qb8 21.Ref1 Re6 22.Qf2 Qe8
23.a3 Bc5 24.Qe1 b6 25.b4 Bd4 26.Nd5 Rd6 27.Qe2 a5 28.Rd1 Rg6 29.Bb3 axb4
30.axb4 Qd8 31.Rdf1 Re6 32.Qf3 Bxd5 33.cxd5 Rf6 34.Ba4 Rxf5 35.Qxf5 Nf6 36.Bxe5 Bxe5
37.Qxe5 b5 38.Bxb5 Qb6 39.d6 Nxe4 40.Qxe4 Qxb5 41.Rd1 Qa4 42.Qd4 Rd8 43.d7 h6
44.Qd6 Qb3 45.Re1 Qa4 46.Re7 Qb5 47.Qc7 Qf1+ 48.Kh2 Kh7 49.Qc2+ g6 50.Qc7 Qf6
51.Re8 Rxd7 52.Qxd7 Qf4+ 53.Kg1 Qc1+ 54.Kf2 Qf4+ 55.Ke2 Qc4+ 56.Ke3 Qc3+
57.Ke4 Qxb4+ 58.Ke5 Qc3+ 59.Kd6 Qd4+ 60.Kc7 Qc5+ 61.Kd8 Qg5+ 62.Re7 Qa5+
63.Ke8  1-0

[Event "35th Open"]
[Site "Fourmies FRA"]
[Date "2011.06.11"]
[Round "1.3"]
[White "Rousseau,Je"]
[Black "David,Alb"]
[Result "0-1"]
[WhiteElo "1907"]
[BlackElo "2593"]

1.e4 c5 2.Nf3 e6 3.d4 cxd4 4.Nxd4 a6 5.Bd3 Bc5 6.Nb3 Be7 7.Qg4 g6 8.Qe2 d6
9.O-O Nd7 10.Na3 b6 11.Nc4 Bb7 12.a4 Ngf6 13.Bh6 Qc7 14.f4 d5 15.exd5 Nxd5
16.Rae1 Nb4 17.f5 gxf5 18.Bxf5 Rg8 19.Be4 Bxe4 20.Qxe4 Qc6 21.c3 Qxe4 22.Rxe4 Nd5
23.Nd4 Rc8 24.Ne5 N5f6 25.Nxd7 Nxe4 26.Nxb6 Rc5 27.Ne2 Bd8 28.b4 Bxb6 29.bxc5 Bxc5+
30.Nd4 Nxc3 31.Be3 Bxd4  0-1

[Event "35th Open"]
[Site "Fourmies FRA"]
[Date "2011.06.11"]
[Round "2.1"]
[White "Istratescu,A"]
[Black "Israel,G"]
[Result "1-0"]
[WhiteElo "2623"]
[BlackElo "2103"]

1.e4 c5 2.Nf3 e6 3.d4 cxd4 4.Nxd4 a6 5.Bd3 Qc7 6.O-O Nf6 7.Qe2 Nc6 8.Nxc6 dxc6
9.e5 Nd7 10.Re1 b5 11.Bf4 Bb7 12.Nd2 Nc5 13.Ne4 Nxe4 14.Bxe4 Be7 15.Qg4 g5
16.Be3 h5 17.Qf3 g4 18.Qf4 Rg8 19.Rad1 h4 20.Rd3 Rg5 21.Bc5 g3 22.Bxe7 gxf2+
23.Kxf2 Qxe7 24.Rd6 Rd8 25.Red1 Rxd6 26.exd6 Qd8 27.d7+ Kf8 28.Qxg5  1-0

[Event "20th ICSC TCh-EUR Club"]
[Site "Liverpool ENG"]
[Date "2011.06.11"]
[Round "6"]
[White "Schmid,Ja"]
[Black "Hasanov,Mirmusa"]
[Result "0-1"]
[WhiteElo "2091"]
[BlackElo "1767"]

1.e4 c5 2.Nf3 e6 3.d4 cxd4 4.Nxd4 a6 5.Bd3 Bc5 6.Nf3 Ba7 7.O-O Nc6 8.c4 Nb4
9.Be2 d6 10.Nc3 h6 11.Bf4 e5 12.Bg3 Nf6 13.Qd2 O-O 14.Rfd1 Bd4 15.Nxd4 exd4
16.Nd5 Nbxd5 17.exd5 Re8 18.Bf3 Qb6 19.Kf1 d3 20.Qxd3 Bd7 21.b3 Rac8 22.h3 a5
23.a4 Re7 24.Bf4 Rce8 25.Be3 Rxe3 26.fxe3 Rxe3 27.Qd4 Qxb3 28.Be2 Re4 29.Qd3 Qb6
30.Rdb1 Qa7 31.Qg3 Qd4 32.Rd1 Rf4+ 33.Bf3 Ne4 34.Qe1 Rxf3+ 35.gxf3 Bxh3+
36.Ke2 Nc3+  0-1

[Event "35th Open"]
[Site "Fourmies FRA"]
[Date "2011.06.12"]
[Round "3.24"]
[White "Lalau,A"]
[Black "Swiercz,So"]
[Result "1-0"]
[WhiteElo "2072"]
[BlackElo "1701"]

1.e4 c5 2.Nf3 e6 3.d4 cxd4 4.Nxd4 a6 5.Bd3 Qc7 6.O-O Nf6 7.Kh1 d5 8.exd5 Nxd5
9.f4 Bc5 10.Nb3 Ne3 11.Bxe3 Bxe3 12.Qf3 Bb6 13.Nc3 Nc6 14.Rae1 O-O 15.Ne4 f5
16.Ng5 Rf6 17.Bc4 Nd8 18.Qd3 h6 19.Nf3 Kh8 20.Ne5 Nc6 21.c3 Nxe5 22.Rxe5 Bd7
23.Rfe1 Re8 24.Qe2 Qc6 25.Bd5 Qc7 26.Bf3 Bc6 27.Nd2 Bxf3 28.Nxf3 Qc6 29.Qd2 Rd8
30.Qc1 Rd3 31.Rf1 Rg6 32.Re2 Rg4 33.Ne5 Qd5 34.Nxd3 Qxd3 35.Qd2 Qc4 36.b3 Qc6
37.Qd3 h5 38.Qf3 Qd7 39.Rfe1  1-0

[Event "1st Chinese Celebrity"]
[Site "Shenzhen CHN"]
[Date "2011.06.12"]
[Round "1"]
[White "Li Chao2"]
[Black "Ding,L"]
[Result "0-1"]
[WhiteElo "2656"]
[BlackElo "2664"]

1.e4 c5 2.Nf3 e6 3.d4 cxd4 4.Nxd4 a6 5.Bd3 Bc5 6.Nb3 Be7 7.Qg4 g6 8.Qe2 d6
9.O-O Nc6 10.a4 Ne5 11.Nc3 Nf6 12.Bh6 Nfg4 13.Bd2 O-O 14.a5 Bd7 15.h3 Nf6
16.Be3 Rc8 17.f4 Nxd3 18.cxd3 Bc6 19.Nd4 Re8 20.Qf2 Nd7 21.f5 Bh4 22.g3 Bf6
23.Nxc6 Rxc6 24.d4 Rc4 25.g4 Qe7 26.Kh2 Bh4 27.Qe2 Rxc3 28.bxc3 exf5 29.Qg2 Nf6
30.gxf5 Nxe4 31.Bf4 g5 32.c4 Qd7 33.Bxg5 Bxg5 34.h4 d5 35.hxg5 Qc7+ 36.Kg1 Qxc4
37.Rad1 Nc3 38.g6 Nxd1 39.gxh7+ Kh8 40.Rxd1 Qb3 41.Qg4 Kxh7 42.Qh5+ Kg8 43.Kh1 Qg3
44.f6 Re1+ 45.Rxe1 Qxe1+ 46.Kg2 Qe4+ 47.Kg3 Qe3+ 48.Kg2 Qd2+ 49.Kf1 Qf4+
50.Kg2 Qxf6 51.Qh3 Qxd4 52.Qc8+ Kg7 53.Qxb7 Qd2+ 54.Kf3 Qxa5 55.Qb2+ f6 56.Qb7+ Kg6
57.Qb1+ Kg7 58.Qb7+ Kh6 59.Qc8 Qa3+ 60.Kf4 Qb4+ 61.Kf5 Qe4+ 62.Kxf6 Qf4+
63.Ke7 Qe5+ 64.Kf7 Qg7+  0-1

[Event "Teplice Open"]
[Site "Teplice CZE"]
[Date "2011.06.12"]
[Round "2"]
[White "Womacka,M"]
[Black "Kratochvil,Jo"]
[Result "1/2-1/2"]
[WhiteElo "2455"]
[BlackElo "2223"]

1.e4 c5 2.Nf3 e6 3.d4 cxd4 4.Nxd4 a6 5.Bd3 Nf6 6.O-O Qc7 7.Qe2 d6 8.c4 g6
9.Nc3 Bg7 10.Nf3 O-O 11.Rd1 Nc6 12.h3 Nd7 13.Bf4 Nce5 14.Rac1 b6 15.Nxe5 Nxe5
16.b3 Bb7 17.Bb1 Rfe8 18.Qd2 Bf8 19.Kh1 Rac8 20.Bg3 Qb8 21.f4 Nd7 22.Qf2 Bc6
23.Ne2 Nc5 24.Nc3 Nd7 25.Re1 b5 26.cxb5 axb5 27.b4 Qb7 28.Bd3 Nf6 29.Bh4 Bg7
30.Qd2 d5 31.e5 Ne4 32.Nxe4 dxe4  1/2-1/2

[Event "1st Chinese Celebrity"]
[Site "Shenzhen CHN"]
[Date "2011.06.13"]
[Round "4"]
[White "Yu Yangyi"]
[Black "Ding,L"]
[Result "1-0"]
[WhiteElo "2646"]
[BlackElo "2664"]

1.e4 c5 2.Nf3 e6 3.d4 cxd4 4.Nxd4 a6 5.Bd3 Bc5 6.Nb3 Be7 7.Qg4 g6 8.Qe2 d6
9.Na3 Nc6 10.Nc4 b5 11.Ne3 Nf6 12.a4 b4 13.Nc4 O-O 14.a5 Nd7 15.Be3 Nce5
16.Nb6 Nxb6 17.axb6 Nxd3+ 18.cxd3 f5 19.f3 Bh4+ 20.g3 Bg5 21.f4 Bf6 22.Na5 Qd7
23.O-O Bb7 24.Bf2 Rfc8 25.Nxb7 Qxb7 26.exf5 exf5 27.Qe6+ Kg7 28.Qxd6 Rc2
29.Rac1 Rac8 30.Rxc2 Rxc2 31.Qxb4 Rxb2 32.Qc5 Qf3 33.Qc7+ Kh6 34.Qd6 Bc3
35.Qf8+ Kh5 36.Qd8 Kh6 37.d4 Re2 38.Qf8+ Kh5 39.Qg7 h6 40.Qf6 g5 41.Qxf5  1-0

[Event "1st Chinese Celebrity"]
[Site "Shenzhen CHN"]
[Date "2011.06.13"]
[Round "5"]
[White "Li Chao2"]
[Black "Yu Yangyi"]
[Result "0-1"]
[WhiteElo "2656"]
[BlackElo "2646"]

1.e4 c5 2.Nf3 e6 3.d4 cxd4 4.Nxd4 a6 5.Bd3 Qb6 6.Nb3 Qc7 7.O-O Nf6 8.Nc3 d6
9.f4 Nbd7 10.Qe2 b5 11.Bd2 Bb7 12.Rae1 Be7 13.Kh1 h5 14.Nd4 h4 15.b4 Qb6
16.Nf3 Nh5 17.Qe3 Qxe3 18.Bxe3 Rc8 19.Nd1 Ndf6 20.Nf2 h3 21.g4 d5 22.Ng5 dxe4
23.Ngxe4 Nxg4 24.Nxg4 f5 25.Nf2 Nf6 26.Bd4 fxe4 27.Nxe4 Bxb4 28.Re3 Bc3 29.Bxc3 Rxc3
30.Rff3 Nxe4 31.Bxe4 Rxe3 32.Rxe3 Bxe4+ 33.Rxe4 Kf7 34.Re3 Rh4 35.Rf3 Kf6
36.Kg1 Kf5 37.Ra3 Rg4+ 38.Kf2 Rg2+ 39.Kf3 Rxh2 40.Kg3 Rxc2 41.Kxh3 Kxf4 42.Rxa6 g5  0-1

[Event "Zonal 3.4 Women"]
[Site "Tashkent UZB"]
[Date "2011.06.14"]
[Round "7.1"]
[White "Muminova,N"]
[Black "Qurbonboeva,S"]
[Result "0-1"]
[WhiteElo "2346"]
[BlackElo "2073"]

1.e4 c5 2.Nf3 a6 3.d4 cxd4 4.Nxd4 e6 5.Bd3 Nf6 6.O-O d6 7.c4 Be7 8.Nc3 O-O
9.b3 Qc7 10.Bb2 Nbd7 11.Rc1 b6 12.Qe2 Bb7 13.Kh1 Rfe8 14.Bb1 Rad8 15.f4 Bf8
16.Nf3 Qb8 17.e5 Bxf3 18.Rxf3 dxe5 19.fxe5 Nxe5 20.Rxf6 gxf6 21.Qh5 Ng6 22.Ne4 Bg7
23.Rf1 e5 24.Ng3 b5 25.c5 b4 26.Bc1 Qb5 27.Be3 e4 28.Qf5 Re5 29.Qf2 Red5
30.Bxe4 Rd1 31.c6 Rxf1+ 32.Qxf1 Qe5 33.Bb6 Re8 34.c7 Ne7 35.Qxa6 Bf8 36.Qd3 Qa1+
37.Nf1 Nc8 38.Bd4 Qc1 39.Bxh7+ Kg7 40.Bf5 Bd6 41.Qf3 Qf4 42.Qxf4 Bxf4 43.g3 Bxc7
44.h4 Bb6 45.Bxb6 Nxb6 46.g4 Nd5 47.Ng3 Nf4 48.Be4 Rd8 49.Nf5+ Kh8 50.h5 Rd2
51.Nh6 Nh3 52.Bf3 Ng5 53.Bg2 Rxa2 54.Bd5 Rd2 55.Nxf7+ Kg7 56.Nxg5 Rxd5 57.Ne6+ Kf7
58.Nf4 Rd4 59.Ng2 Rxg4 60.Kh2 Kg7 61.Kh3 Rxg2 62.Kxg2 Kh6 63.Kg3 Kxh5 64.Kf4 Kg6
65.Kg4 f5+  0-1

[Event "Voronezh Master Open"]
[Site "Voronezh RUS"]
[Date "2011.06.14"]
[Round "3.12"]
[White "Belyakov,B"]
[Black "Kalegin,E"]
[Result "1/2-1/2"]
[WhiteElo "2349"]
[BlackElo "2471"]

1.e4 c5 2.Nf3 e6 3.d4 cxd4 4.Nxd4 a6 5.Bd3 Nf6 6.O-O Qc7 7.c4 d6 8.b3 Nbd7
9.Bb2 g6 10.f4 Bg7 11.Kh1 O-O 12.Nc3 b6 13.Rc1 Bb7 14.b4 Rac8 15.Qe2 Qb8
16.Nb3 Rfe8 17.a4 Qa8 18.a5 d5 19.cxd5 exd5 20.e5 Ne4 21.axb6 Nxb6 22.Na5 Nxc3
23.Bxc3 Nc4 24.Bd4 Nxa5 25.bxa5 Bh6 26.Qg4 Rxc1 27.Rxc1 Qd8 28.Bb6 Bc8 29.Qg3 Qe7
30.Rc5 d4 31.h3 Bg7 32.Kh2 g5 33.e6 gxf4 34.Qxf4 Qxe6 35.Rg5 Qe5 36.Rxg7+ Qxg7
37.Bxd4 f6 38.Bxf6 Qf7 39.Qg5+ Kf8 40.Qh6+ Kg8 41.Qf4 Be6 42.Qg5+ Kf8 43.Be5 Ra8
44.Bd6+ Ke8 45.Qe5 Kd7 46.Bc5 Kc8 47.Bb6 Bd5 48.Bxh7 Kb7 49.Be4 Bc6 50.Bxc6+ Kxc6
51.Qc5+ Kb7 52.Qb4 Re8 53.Bf2+ Kc8 54.Qb6 Re6  1/2-1/2

[Event "1st Forni Open"]
[Site "Forni di Sopra ITA"]
[Date "2011.06.15"]
[Round "5"]
[White "Dvirnyy,D"]
[Black "Meijers,V"]
[Result "1-0"]
[WhiteElo "2448"]
[BlackElo "2473"]

1.e4 c5 2.Nf3 e6 3.d4 cxd4 4.Nxd4 a6 5.Bd3 Bc5 6.Nb3 Be7 7.f4 d6 8.Be3 Nd7
9.Qf3 Qc7 10.N1d2 b6 11.O-O-O Bb7 12.g4 h6 13.h4 b5 14.g5 hxg5 15.hxg5 Rxh1
16.Qxh1 Bf8 17.Qh3 Ne7 18.Kb1 g6 19.f5 e5 20.c4 b4 21.c5 dxc5 22.Nc4 O-O-O
23.f6 Nc6 24.Nxc5 Kb8 25.Nxb7 Kxb7 26.Bc2 Nc5 27.Rd5 Nd4 28.Bxd4 exd4 29.Rxd8 Qxd8
30.Bd3 Bd6 31.e5 Bc7 32.Qf3+ Ka7 33.Bf1 Qa8 34.Qxa8+ Kxa8 35.Bh3 Kb8 36.Kc2 a5
37.b3 Kb7 38.e6 fxe6 39.f7 Nd7 40.Bxe6 Nf8 41.Bd5+ Ka6 42.Kd3 Bf4 43.Kxd4 Kb5
44.Ne5 Bxg5 45.Be4 Bf6 46.Kd5 g5 47.Bd3+ Kb6 48.Nc4+ Kc7 49.Bf5 Bg7 50.Nxa5 Nd7
51.Nc4 g4 52.Bxd7 Kxd7 53.Ne5+ Ke7 54.Nxg4 Kxf7 55.Ne5+ Ke8 56.Nd3 Bf8 57.Kc4 Kd7
58.Nxb4 Kc7 59.Kb5 Kb7 60.Nd3 Bh6 61.a4 Be3 62.b4 Ka7 63.Ne5 Kb7 64.Nc4 Bf2
65.a5 Be1 66.Ne5 Bd2 67.Nd3 Ka7 68.Nc5 Be1 69.Nb3 Kb7 70.Kc4 Kc6 71.b5+ Kb7
72.Kd5 Bb4 73.Nc5+ Ka8 74.a6 Ka7 75.Kc6 Ba5 76.Ne4 Bb6 77.Nd6 Bf2 78.Nc8+ Kb8
79.b6 Kxc8 80.a7  1-0

[Event "Teplice Open"]
[Site "Teplice CZE"]
[Date "2011.06.15"]
[Round "5"]
[White "Pacher,M"]
[Black "Kratochvil,Jo"]
[Result "1-0"]
[WhiteElo "2407"]
[BlackElo "2223"]

1.e4 c5 2.Nf3 e6 3.d4 cxd4 4.Nxd4 a6 5.Bd3 Nf6 6.O-O Qc7 7.c4 d6 8.Nc3 Nbd7
9.f4 Be7 10.Be3 b6 11.b4 O-O 12.Rc1 Re8 13.g4 h5 14.gxh5 Bb7 15.Qf3 Bf8 16.Qh3 Qd8
17.Nf3 d5 18.cxd5 exd5 19.e5 Bxb4 20.Qf5 Bc8 21.Nxd5 Nxd5 22.Qh7+ Kf8 23.Nd4 N7f6
24.Qh8+ Ng8 25.Bh7 Ne7 26.h6 gxh6 27.f5 Bd2 28.Bxd2 Qxd4+ 29.Rf2 Nxf5 30.Qxg8+ Ke7
31.Qg2 Bd7 32.Bxh6 Rec8 33.Qg5+ Ke8 34.Qg8+ Ke7 35.Bg5+  1-0

[Event "Voronezh Master Open"]
[Site "Voronezh RUS"]
[Date "2011.06.15"]
[Round "4.1"]
[White "Tarlev,K"]
[Black "Shaposhnikov,E"]
[Result "1/2-1/2"]
[WhiteElo "2499"]
[BlackElo "2533"]

1.e4 c5 2.Nf3 e6 3.d4 cxd4 4.Nxd4 a6 5.Bd3 Ne7 6.Nd2 Nbc6 7.N2f3 Ng6 8.O-O Nxd4
9.Nxd4 Bc5 10.Nb3 Ba7 11.Qe2 Qf6 12.Kh1 e5 13.Bc4 d6 14.Na5 O-O 15.Bd5 Rb8
16.Be3 Bxe3 17.fxe3 Qd8 18.b4 Ne7 19.c4 b6 20.Nb3 a5 21.a3 Ba6 22.Rfc1 Kh8
23.Qe1 Nxd5 24.exd5 Rc8 25.Nd2 f5 26.Rc3 b5 27.Rac1 axb4 28.axb4 Bb7 29.Qd1 Qd7
30.Nb3 Rxc4 31.Rxc4 bxc4 32.Na5 Ba8 33.Nxc4 Rb8 34.Ra1 Qc7 35.Qd3 h6 36.h3 Rc8
37.Kh2 Qxc4 38.Qxc4 Rxc4 39.Rxa8+  1/2-1/2

[Event "49th National Challengers ch-IND"]
[Site "Aurangabad IND"]
[Date "2011.06.16"]
[Round "2"]
[White "Sharma,Di"]
[Black "Mohammad,As"]
[Result "1-0"]
[WhiteElo "2348"]
[BlackElo "2128"]

1.e4 c5 2.Nf3 e6 3.d4 cxd4 4.Nxd4 a6 5.Bd3 Nf6 6.O-O Qc7 7.Qe2 d6 8.f4 Nbd7
9.Kh1 Be7 10.c4 O-O 11.b3 Re8 12.Bb2 b6 13.Nd2 e5 14.Nf5 Bf8 15.Ne3 exf4
16.Rxf4 d5 17.Raf1 dxc4 18.Bxc4 Bb7 19.Rxf6 gxf6 20.Qg4+ Kh8 21.Bxf7 Be7
22.Rc1 Nc5 23.Nf5 Rg8 24.Qh4 Rg5 25.Qxg5  1-0

[Event "1st Forni Open"]
[Site "Forni di Sopra ITA"]
[Date "2011.06.16"]
[Round "6"]
[White "Papp,Ga"]
[Black "Ceschia,I"]
[Result "1/2-1/2"]
[WhiteElo "2553"]
[BlackElo "2257"]

1.e4 c5 2.Nf3 e6 3.d4 cxd4 4.Nxd4 a6 5.Bd3 Bc5 6.Nb3 Ba7 7.Qe2 Nc6 8.Nc3 d6
9.Be3 Nge7 10.O-O-O Qc7 11.f4 O-O 12.Bxa7 Rxa7 13.Rhf1 b5 14.Qh5 b4 15.Ne2 g6
16.Qh6 f5 17.exf5 Nxf5 18.Qh3 a5 19.Bxf5 Rxf5 20.g4 Rf8 21.Kb1 a4 22.Nbd4 Nxd4
23.Nxd4 Qc5 24.Rfe1 e5 25.fxe5 dxe5 26.Ne2 a3 27.Qb3+ Kg7 28.h3 axb2 29.Qxb2 Rf3
30.Nc1 Rxh3 31.Rxe5 Qc3 32.Rd4 Rc7 33.Rxb4 Qxb2+ 34.Kxb2 Rg3 35.a4 Bxg4 36.a5 Rg2
37.Kb3 Bd1 38.Rd4 Bxc2+ 39.Kb4 Bf5 40.Nb3 Ra2 41.Rd6 Kf7 42.a6 Bd7 43.Ra5 Rxa5
44.Kxa5 Bc8 45.Kb6 Re7 46.Nd4 Bxa6 47.Kxa6 h5 48.Kb5 g5 49.Kc4 g4 50.Kd3 Re5
51.Ne2 Kg7 52.Nf4 Kh7 53.Kd4 Re1 54.Ra6 h4 55.Ra5 h3 56.Kd3 Kg7 57.Rh5 Kf6
58.Kd2 Re5 59.Rh8 Kf5 60.Nd3 Re7 61.Rh5+ Ke4 62.Nf2+ Kf3 63.Nxh3 gxh3 64.Rxh3+  1/2-1/2

[Event "7th Metropolitan IM"]
[Site "Los Angeles USA"]
[Date "2011.06.16"]
[Round "3"]
[White "Zepeda,L"]
[Black "Inants,A"]
[Result "0-1"]
[WhiteElo "2185"]
[BlackElo "2290"]

1.e4 c5 2.Nf3 e6 3.d4 cxd4 4.Nxd4 a6 5.Bd3 Nf6 6.Be3 d6 7.Nc3 b5 8.O-O Bb7
9.a3 Nbd7 10.f4 Rc8 11.f5 e5 12.Nde2 d5 13.exd5 Ng4 14.Ba7 Ra8 15.Nc1 h5
16.Bf2 Nxf2 17.Rxf2 Bc5 18.Ne4 Bxf2+ 19.Nxf2 Nf6 20.c4 bxc4 21.Bxc4 Bxd5
22.Bf1 Qd7 23.Ncd3 O-O 24.Nxe5 Qxf5 25.Ned3 Rfd8 26.Qa4 Ne4 27.Nxe4 Bxe4
28.Nf2 Bc2 29.Qc6 Rab8 30.b4 Rd2 31.Qf3 Qxf3 32.gxf3 Rb6 33.Re1 Bf5 34.Re5 Rg6+
35.Bg2 Bh3 36.Nxh3 Rgxg2+ 37.Kf1 Rxh2 38.Ng1 Rd1+ 39.Re1 Rxe1+ 40.Kxe1 Ra2  0-1

[Event "TCh-CZE-SLO w Extraliga"]
[Site "Orlova CZE"]
[Date "2011.06.16"]
[Round "1"]
[White "Jakubiec,E"]
[Black "Vlckova,Katerina"]
[Result "1-0"]
[WhiteElo "2206"]
[BlackElo "1715"]

1.e4 c5 2.Nf3 e6 3.d4 cxd4 4.Nxd4 a6 5.Bd3 Qc7 6.O-O Bc5 7.Nb3 Be7 8.Be3 Nf6
9.c4 d6 10.Nc3 Nbd7 11.Rc1 b6 12.Nd4 Bb7 13.f3 O-O 14.Qd2 Rac8 15.b3 Rfd8
16.Rfd1 Nc5 17.Bf1 Qb8 18.Bf4 Nh5 19.Bg5 Bxg5 20.Qxg5 Nf6 21.Rd2 Ncd7 22.Nde2 Rc5
23.Qe3 d5 24.Na4 Rc6 25.Nd4 Rcc8 26.exd5 exd5 27.Nf5 Re8 28.Qg5 g6 29.Nh6+ Kg7
30.Ng4 Nxg4 31.Qxg4 Nf6 32.Qd4 dxc4 33.Qxb6 cxb3 34.Rxc8 Qxc8 35.Qxb3 Qc1
36.Rd1 Qe3+ 37.Qxe3 Rxe3 38.Bc4 Bc6 39.Nb2 Bb5 40.Bb3 Re2 41.Nc4 Nh5 42.Rd4 Nf6
43.Kf1 Re7 44.Kf2 Nd7 45.Rd5 Bxc4 46.Bxc4 Nb6 47.Rc5 Nxc4 48.Rxc4 Re6 49.f4 Kf6
50.Kf3 h6 51.Rb4 g5 52.a4 Ke7 53.f5 Rc6 54.g4 Kd6 55.Ke4 Kc5 56.Rb7 f6 57.Re7 Kb4
58.Re6 Rc4+ 59.Kd5 Rxg4 60.Rxf6 a5 61.Rxh6 Rf4 62.f6 Kxa4 63.Ke6 Kb3 64.f7 a4
65.Rf6 a3 66.f8=Q  1-0

[Event "Voronezh FIDE Open"]
[Site "Voronezh RUS"]
[Date "2011.06.16"]
[Round "5.16"]
[White "Klimentov,R"]
[Black "Chernyshev,A1"]
[Result "1-0"]
[WhiteElo "2277"]
[BlackElo "2040"]

1.e4 e6 2.Nf3 c5 3.d4 cxd4 4.Nxd4 a6 5.Bd3 Nf6 6.O-O d6 7.c4 Be7 8.Nc3 O-O
9.Be3 Nbd7 10.Rc1 Ne5 11.Be2 Bd7 12.f4 Ng6 13.Kh1 Qb8 14.a4 Qc7 15.Qe1 Rac8
16.Qg3 Kh8 17.b3 Qa5 18.Bf3 Nh5 19.Bxh5 Qxh5 20.f5 Ne5 21.Nf3 Bf6 22.Nxe5 Bxe5
23.Bf4 Bxc3 24.Rxc3 e5 25.Bc1 Bc6 26.Qe1 f6 27.Rh3 Qg4 28.Rh4 Qxh4 29.Qxh4 b5
30.Rf3 Be8 31.Rh3 h5 32.Rc3 Bf7 33.g4 bxc4 34.bxc4 d5 35.gxh5 Be8 36.h6  1-0

[Event "Voronezh FIDE Open"]
[Site "Voronezh RUS"]
[Date "2011.06.16"]
[Round "5.9"]
[White "Gritsenko,V"]
[Black "Kornilov,P"]
[Result "1-0"]
[WhiteElo "2235"]
[BlackElo "2048"]

1.e4 c5 2.Nf3 e6 3.d4 cxd4 4.Nxd4 a6 5.Bd3 Nf6 6.O-O Qc7 7.Qe2 d6 8.Kh1 Be7
9.f4 Nbd7 10.Nc3 O-O 11.Bd2 b5 12.Rae1 Nc5 13.e5 Ne8 14.Rf3 Nxd3 15.cxd3 Bb7
16.Rh3 g6 17.Qe3 dxe5 18.fxe5 h5 19.Qg3 Rd8 20.Nxe6 Qc6 21.Nxd8 Bxd8 22.Ne4 Ng7
23.Nd6 h4 24.Qf2 Bb6 25.Be3 Bxe3 26.Rhxe3 Ba8 27.Rf3 Qd5 28.Ne4 Nh5 29.Qxh4 Qd8
30.Qxd8 Rxd8 31.Kg1 Ng7 32.Rh3 Bxe4 33.Rxe4 Ne6 34.Reh4 Rf8 35.Rh8+ Kg7 36.R3h7+  1-0

[Event "TCh-CZE-SLO w Extraliga"]
[Site "Orlova CZE"]
[Date "2011.06.17"]
[Round "3"]
[White "Motycakova,M"]
[Black "Vlckova,Katerina"]
[Result "1-0"]
[WhiteElo "2107"]
[BlackElo "1715"]

1.e4 c5 2.Nf3 e6 3.d4 cxd4 4.Nxd4 a6 5.Bd3 Nf6 6.O-O Qc7 7.Qe2 d6 8.c4 Be7
9.Nc3 Nbd7 10.f4 b6 11.Bd2 Bb7 12.Kh1 O-O 13.Rae1 Rac8 14.Nf3 Rfd8 15.e5 Bxf3
16.Rxf3 Ne8 17.b3 Nf8 18.Nd1 dxe5 19.fxe5 Rd4 20.Bc3 Rd7 21.Nf2 Rcd8 22.Ne4 Ng6
23.Ng3 Nh4 24.Qe4 g6 25.Rfe3 Bg5 26.Bc2 Bxe3 27.Qxe3 Ng7 28.Ne4 Re7 29.Nf6+ Kf8
30.Nxh7+ Kg8 31.Nf6+ Kf8 32.Qh6 Red7 33.Bb4+  1-0

[Event "Teplice Open"]
[Site "Teplice CZE"]
[Date "2011.06.17"]
[Round "7"]
[White "Zima,Tomas"]
[Black "Kratochvil,Jo"]
[Result "0-1"]
[WhiteElo "1815"]
[BlackElo "2223"]

1.e4 c5 2.Nf3 e6 3.d4 cxd4 4.Nxd4 a6 5.Bd3 Nf6 6.O-O Qc7 7.c4 Bc5 8.Nb3 Be7
9.Be3 b6 10.Nc3 d6 11.Qe2 Nbd7 12.f4 Bb7 13.Rac1 Rc8 14.g4 g6 15.h3 O-O 16.Qf2 Bd8
17.Rfd1 Qb8 18.g5 Nh5 19.Be2 Ng7 20.Rd2 f6 21.Qe1 fxg5 22.fxg5 Ne5 23.Qd1 Nxc4
24.Bxc4 Rxc4 25.Rxd6 Be7 26.Rd3 Qg3+ 27.Kh1 Rxe4  0-1

[Event "Voronezh Master Open"]
[Site "Voronezh RUS"]
[Date "2011.06.19"]
[Round "7.6"]
[White "Shaposhnikov,E"]
[Black "Kalegin,E"]
[Result "1-0"]
[WhiteElo "2533"]
[BlackElo "2471"]

1.e4 c5 2.Nf3 e6 3.d4 cxd4 4.Nxd4 a6 5.Bd3 Nf6 6.O-O Qc7 7.Qe2 d6 8.c4 g6
9.Nc3 Bg7 10.Rd1 O-O 11.Nf3 Nfd7 12.Bf4 Nc6 13.Rac1 Nce5 14.Nxe5 Nxe5 15.Qe3 b6
16.Be2 Rb8 17.b3 Bb7 18.Rc2 Rfd8 19.Rcd2 Bc6 20.a4 Qe7 21.Bh6 Bxh6 22.Qxh6 f6
23.Qe3 Nf7 24.b4 Ba8 25.f4 Qc7 26.Kh1 Re8 27.Qg3 Rbd8 28.h3 Kg7 29.Kh2 Qe7
30.Bd3 Bb7 31.Ne2 d5 32.exd5 exd5 33.f5 Qe3 34.Qxe3 Rxe3 35.Nf4 Kh6 36.fxg6 hxg6
37.Bxg6 Ne5 38.Bf5 Nxc4 39.Rd4 Nd6 40.Be6 Re4 41.Bxd5 Bxd5 42.Nxd5 Rxd4 43.Rxd4 Nf5
44.Rd3 Kg5 45.g3 Rd6 46.h4+ Kg4 47.Ne3+ Kf3 48.Rxd6 Nxd6 49.Nd5 Nf5 50.Nxb6 Nxg3
51.b5 axb5 52.a5  1-0

[Event "Voronezh Master Open"]
[Site "Voronezh RUS"]
[Date "2011.06.19"]
[Round "7.9"]
[White "Andriasian,Z"]
[Black "Chekhov,S"]
[Result "1-0"]
[WhiteElo "2640"]
[BlackElo "2368"]

1.e4 c5 2.Ne2 e6 3.d4 cxd4 4.Nxd4 a6 5.Bd3 Nf6 6.O-O Qc7 7.c4 d6 8.Nc3 b6
9.f4 Bb7 10.f5 Nc6 11.Be3 Nxd4 12.Bxd4 e5 13.Be3 Be7 14.Nd5 Bxd5 15.cxd5 O-O
16.Rc1 Qb7 17.Rc6 b5 18.g4 h6 19.h4 Nh7 20.Bf2 Qd7 21.Qc2 Rfb8 22.Kg2 Qd8
23.Kh3 Nf6 24.Rc1 Nd7 25.b4 Nb6 26.Qe2 Na4 27.Qe3 Qd7 28.g5 hxg5 29.hxg5 Bd8
30.Kg2 Qe7 31.Bh4 a5 32.Qh3 Qd7 33.Rh1 Kf8 34.Qg4 Ke8 35.Bf2 Be7 36.Rh8+ Bf8
37.Qh4 Ke7 38.f6+  1-0

[Event "Voronezh FIDE Open"]
[Site "Voronezh RUS"]
[Date "2011.06.19"]
[Round "8.9"]
[White "Gritsenko,V"]
[Black "Lebediantsev,R"]
[Result "1/2-1/2"]
[WhiteElo "2235"]
[BlackElo "2137"]

1.e4 c5 2.Nf3 e6 3.d4 cxd4 4.Nxd4 a6 5.Bd3 Nf6 6.Qe2 d6 7.O-O Qc7 8.Kh1 Be7
9.f4 Nbd7 10.c4 b6 11.Nd2 Bb7 12.b3 O-O 13.Bb2 Rfe8 14.N4f3 e5 15.f5 Rac8
16.Rac1 Nc5 17.Bb1 a5 18.Ng1 Qb8 19.Nh3 Qa8 20.Rfe1 g6 21.fxg6 hxg6 22.a4 Kg7
23.Rc3 Rh8 24.Kg1 Rh4 25.Nf2 Ne6 26.Nf3 Rh5 27.Qe3 Qa7 28.Ba3 Bc6 29.Rd3  1/2-1/2

[Event "Baltija Cup Open A"]
[Site "Palanga LTU"]
[Date "2011.06.20"]
[Round "3.29"]
[White "Norkunas,Domas"]
[Black "Vainovskaia,V"]
[Result "0-1"]
[WhiteElo "1736"]
[BlackElo "1960"]

1.e4 c5 2.Nf3 e6 3.d4 cxd4 4.Nxd4 a6 5.Bd3 Bc5 6.Nb3 Ba7 7.Qf3 Nc6 8.Qg3 Qf6
9.O-O Bb8 10.f4 d6 11.Bd2 Qg6 12.Qf3 e5 13.f5 Qf6 14.Qg3 h6 15.Nc3 Nge7 16.Bc4 Nb4
17.h4 Nxc2 18.Bg5 hxg5 19.hxg5 Ba7+ 20.Rf2 Nxf5 21.exf5 Qxf5 22.Rf1 Qh7 23.Bxf7+ Kd8  0-1

[Event "Voronezh FIDE Open"]
[Site "Voronezh RUS"]
[Date "2011.06.20"]
[Round "9.7"]
[White "Chernov,Vl2"]
[Black "Gritsenko,V"]
[Result "0-1"]
[WhiteElo "2004"]
[BlackElo "2235"]

1.e4 c5 2.Nf3 e6 3.d4 cxd4 4.Nxd4 a6 5.Bd3 Nf6 6.O-O Qc7 7.Qe2 d6 8.c4 Be7
9.Nc3 Nbd7 10.f4 O-O 11.Kh1 b6 12.Bd2 g6 13.Rae1 Bb7 14.e5 Ne8 15.exd6 Bxd6
16.Ne4 Nc5 17.Nxd6 Qxd6 18.Bc3 Na4 19.Rd1 Nxc3 20.bxc3 Qc5 21.f5 exf5 22.Nxf5 Nd6
23.Ne7+ Kg7 24.Nd5 Rae8 25.Qf2 Qxf2 26.Rxf2 Bxd5 27.cxd5 b5 28.a4 Re5 29.axb5 axb5
30.Bf1 Rc8 31.Rb2 Rxc3 32.Bxb5  0-1